Pokémon Doubly Weak to Fighting - Statistics

General Stats
  • This quiz has been taken 42 times
  • The average score is 21 of 24
Answer Stats
Number Types Answer % Correct
0306 Steel/Rock Aggron
96%
0304 Steel/Rock Aron
96%
0305 Steel/Rock Lairon
96%
0020 Dark/Normal Raticate (Alolan form)
93%
0019 Dark/Normal Rattata (Alolan form)
93%
0027 Ice/Steel Sandshrew (Alolan form)
93%
0028 Ice/Steel Sandslash (Alolan form)
93%
0625 Dark/Steel Bisharp
89%
0983 Dark/Steel Kingambit
89%
0624 Dark/Steel Pawniard
89%
0248 Rock/Dark Tyranitar
89%
0411 Rock/Steel Bastiodon
85%
0264 Dark/Normal Linoone (Galarian form)
85%
0410 Rock/Steel Shieldon
85%
0461 Dark/Ice Weavile
85%
0263 Dark/Normal Zigzagoon (Galarian form)
85%
0698 Rock/Ice Amaura
81%
0699 Rock/Ice Aurorus
81%
1002 Dark/Ice Chien-Pao
81%
0862 Dark/Normal Obstagoon
81%
0476 Rock/Steel Probopass
81%
0215 Dark/Ice Sneasel
81%
0713 Ice/Rock Avalugg (Hisuian form)
70%
0805 Rock/Steel Stakataka
70%
No matching quizzes found
Score Distribution
Percent of People with Each Score
Percentile by Number Answered
Your Score History
You have not taken this quiz